Normal view MARC view

Entry Personal Name

Number of records used in: 1

001 - CONTROL NUMBER

  • control field: 9166

003 - CONTROL NUMBER IDENTIFIER

  • control field: DLC

005 - DATE AND TIME OF LATEST TRANSACTION

  • control field: 20221006153228.0

008 - FIXED-LENGTH DATA ELEMENTS

  • fixed length control field: 020528n| acannaabn |a aaa c

010 ## - LIBRARY OF CONGRESS CONTROL NUMBER

  • LC control number: no2002046101

035 ## - SYSTEM CONTROL NUMBER

  • System control number: (OCoLC)oca05772845

040 ## - CATALOGING SOURCE

  • Original cataloging agency: FMU
  • Language of cataloging: eng
  • Transcribing agency: FMU

100 10 - HEADING--PERSONAL NAME

  • Personal name: Bates, R. P.
  • Fuller form of name: (Richard Pierce),
  • Dates associated with a name: 1926-

400 10 - SEE FROM TRACING--PERSONAL NAME

  • Personal name: Bates, Richard Pierce,
  • Dates associated with a name: 1926-

670 ## - SOURCE DATA FOUND

  • Source citation: Clover variety tests at Kirbyville, 1952:
  • Information found: caption (R.P. Bates, Texas Agricultural Experiment Station)

670 ## - SOURCE DATA FOUND

  • Source citation: Principles and practices of small- and medium-scale fruit juice processing, 2001:
  • Information found: t.p. (R.P. Bates, Food Science and Human Nutrition Dept., University of Florida)

Powered by Koha